Giây phút ngẩn ngơ

محفوظ في:
التفاصيل البيبلوغرافية
المؤلف الرئيسي: Lương, Phụng Nghi
التنسيق: كتاب
اللغة:Undetermined
منشور في: Hà Nội Hội nhà văn 2004
الموضوعات:
الوسوم: إضافة وسم
لا توجد وسوم, كن أول من يضع وسما على هذه التسجيلة!
Thư viện lưu trữ: Trung tâm Học liệu Trường Đại học Cần Thơ
LEADER 00570nam a2200193Ia 4500
001 CTU_60425
008 210402s9999 xx 000 0 und d
020 |b 32000 
082 |a 895.13 
082 |b Ngh300 
100 |a Lương, Phụng Nghi 
245 0 |a Giây phút ngẩn ngơ 
245 0 |c Lương Phụng Nghi; Lê Kỉnh Tâm biên dịch 
260 |a Hà Nội 
260 |b Hội nhà văn 
260 |c 2004 
650 |a Chinese fiction ( vietnamese ) 
904 |i Minh, Năm 
980 |a Trung tâm Học liệu Trường Đại học Cần Thơ